[Event "DLM U20 Girls"]
[Site "Templin"]
[Date "1997.??.??"]
[Round "?"]
[White "Eckhardt, Claudia"]
[Black "Suess, Annegret"]
[Result "1/2-1/2"]
[WhiteElo "2160"]
[BlackElo "2100"]
[PlyCount "146"]
[EventDate "1997.11.15"]
[EventType "team-swiss"]
[EventRounds "7"]
[EventCountry "GER"]
[SourceTitle "EXT 2002"]
[Source "ChessBase"]
[SourceDate "2001.11.25"]
[SourceVersion "1"]
[SourceVersionDate "2001.11.25"]
[SourceQuality "1"]

1. d4 e6 2. Nf3 Nf6 3. g3 b6 4. Bg2 Bb7 5. 0-0 c5 6. c4 cxd4 7. Qxd4 d6 8. Nc3 Be7 9. b3 Nbd7 10. Bb2 a6 11. Rac1 0-0 12. Rfd1 Qc7 13. h3 Rfd8 14. e4 Rac8 15. Qe3 Qb8 16. Nd4 Bf8 17. Kh2 Qa8 18. Nde2 Nc5 19. f3 Qb8 20. Nf4 Bc6 21. Nce2 Ncd7 22. Nd3 b5 23. cxb5 Bxb5 24. Nd4 Qb6 25. Qd2 Bxd3 26. Qxd3 d5 27. exd5 Nxd5 28. f4 N7f6 29. Rxc8 Rxc8 30. Qe2 Nc3 31. Bxc3 Rxc3 32. Rd3 Rc1 33. Rd1 Rxd1 34. Qxd1 Qc5 35. Nf3 Nd5 36. Ne5 Qf2 37. Qh5 g6 38. Qf3 Qxa2 39. Nd7 Bb4 40. Ne5 Bc3 41. Ng4 h5 42. Nf2 Qxb3 43. f5 Qb1 44. fxe6 fxe6 45. Qe2 Qf5 46. Qxa6 Be5 47. Qa8+ Kg7 48. Qa7+ Kh6 49. Bxd5 exd5 50. Qe3+ Qg5 51. Qxg5+ Kxg5 52. Kg2 Kf5 53. Kf3 Bd4 54. g4+ hxg4+ 55. hxg4+ Ke6 56. Nd3 g5 57. Ke2 Kd6 58. Kd2 Kc6 59. Kc2 Kb5 60. Kb3 Bf6 61. Kc2 Kc4 62. Nf2 Kd4 63. Kd2 Bd8 64. Ke2 Kc3 65. Nd3 Bb6 66. Ne5 Bc5 67. Nf3 Be7 68. Ne5 Bd6 69. Nd3 d4 70. Nf2 Bg3 71. Ne4+ Kc2 72. Nc5 Bd6 73. Nd3 Be7 1/2-1/2